Cannibal Corpse Songs - Statistics

General Stats
  • This quiz has been taken 101 times
  • The average score is 63 of 188
Answer Stats
Album Song % Correct
Tomb of the Mutilated (1992) I Cum Blood
92%
Tomb of the Mutilated (1992) Hammer Smashed Face
90%
Butchered at Birth (1991) Butchered at Birth
81%
Tomb of the Mutilated (1992) Addicted to Vaginal Skin
79%
Torture (2012) Scourge of Iron
71%
Eaten Back to Life (1990) A Skull Full of Maggots
67%
Evisceration Plague (2009) Evisceration Plague
67%
Eaten Back to Life (1990) Shredded Humans
67%
The Bleeding (1994) Fucked With a Knife
65%
Tomb of the Mutilated (1992) Necropedophile
65%
Tomb of the Mutilated (1992) Entrails Ripped From a Virgin's Cunt
63%
The Bleeding (1994) Stripped, Raped, and Strangled
63%
The Bleeding (1994) The Bleeding
63%
Butchered at Birth (1991) Meat Hook Sodomy
62%
Gallery of Suicide (1998) Gallery of Suicide
60%
Butchered at Birth (1991) Gutted
58%
Red Before Black (2017) Red Before Black
58%
A Skeletal Domain (2014) A Skeletal Domain
56%
Tomb of the Mutilated (1992) Beyond the Cemetery
54%
The Wretched Spawn (2004) The Wretched Spawn
54%
Worm Infested (2002) Worm Infested
54%
Eaten Back to Life (1990) Born In a Casket
52%
Chaos Horrific (2023) Chaos Horrific
52%
Eaten Back to Life (1990) Mangled
52%
Violence Unimagined (2021) Inhumane Harvest
50%
Vile (1996) Devoured by Vermin
48%
Tomb of the Mutilated (1992) Split Wide Open
48%
The Bleeding (1994) Staring Through the Eyes of the Dead
48%
Tomb of the Mutilated (1992) The Cryptic Stench
48%
The Bleeding (1994) The Pick-Axe Murders
48%
Chaos Horrific (2023) Blood Blind
46%
Tomb of the Mutilated (1992) Post Mortal Ejaculation
46%
Evisceration Plague (2009) Priests of Sodom
46%
Eaten Back to Life (1990) Scattered Remains, Splattered Brains
46%
The Bleeding (1994) She Was Asking for It
46%
Eaten Back to Life (1990) Edible Autopsy
44%
Gallery of Suicide (1998) I Will Kill You
44%
Kill (2006) The Time to Kill Is Now
44%
Red Before Black (2017) Code of the Slashers
42%
The Bleeding (1994) Force Fed Broken Glass
42%
Gallery of Suicide (1998) From Skin to Liquid
42%
Kill (2006) Make Them Suffer
42%
Gore Obsessed (2002) No Remorse
42%
Eaten Back to Life (1990) Put Them to Death
42%
Torture (2012) As Deep As the Knife Will Go
40%
Eaten Back to Life (1990) Bloody Chunks
40%
Eaten Back to Life (1990) Buried In the Backyard
40%
Vile (1996) Monolith
40%
Vile (1996) Mummified In Barbed Wire
40%
Vile (1996) Orgasm Through Torture
40%
Vile (1996) Eaten From Inside
38%
Violence Unimagined (2021) Murderous Rampage
38%
Red Before Black (2017) Only One Will Die
38%
Gore Obsessed (2002) Pit of Zombies
38%
Violence Unimagined (2021) Surround, Kill, Devour
38%
Bloodthirst (1999) Unleashing the Bloodthirsty
38%
The Bleeding (1994) An Experiment In Homicide
37%
Kill (2006) Brain Removal Device
37%
Butchered at Birth (1991) Covered With Sores
37%
A Skeletal Domain (2014) Kill or Become
37%
The Bleeding (1994) Pulverized
37%
Red Before Black (2017) Shedding My Human Skin
37%
Chaos Horrific (2023) Summoned for Sacrifice
37%
The Bleeding (1994) The Exorcist
37%
Violence Unimagined (2021) Cerements of the Flayed
35%
Red Before Black (2017) Firestorm Vengeance
35%
Violence Unimagined (2021) Follow the Blood
35%
Chaos Horrific (2023) Frenzied Feeding
35%
Red Before Black (2017) Heads Shovelled Off
35%
Red Before Black (2017) Hideous Ichor
35%
Red Before Black (2017) In the Midst of Ruin
35%
Chaos Horrific (2023) Pitchfork Impalement
35%
Kill (2006) Purification by Fire
35%
Eaten Back to Life (1990) Rotting Head
35%
Kill (2006) Submerged In Boiling Flesh
35%
Eaten Back to Life (1990) | Worm Infested (2002) The Undead Will Feast
35%
Butchered at Birth (1991) Vomit the Soul
35%
Vile (1996) Absolute Hatred
33%
Violence Unimagined (2021) Condemnation Contagion
33%
Red Before Black (2017) Corpus Delicti
33%
Chaos Horrific (2023) Drain You Empty
33%
The Wretched Spawn (2004) Frantic Disembowelment
33%
Violence Unimagined (2021) Necrogenic Resurrection
33%
Chaos Horrific (2023) Overlords of Violence
33%
Butchered at Birth (1991) Rancid Amputation
33%
Vile (1996) Relentless Beating
33%
The Bleeding (1994) Return to Flesh
33%
Gallery of Suicide (1998) Sentenced to Burn
33%
The Wretched Spawn (2004) Slain
33%
Violence Unimagined (2021) Slowly Sawn
33%
Vile (1996) Bloodlands
31%
Kill (2006) Death Walking Terror
31%
Vile (1996) Disfigured
31%
Kill (2006) Five Nails Through the Neck
31%
Torture (2012) Followed Home Then Killed
31%
A Skeletal Domain (2014) High Velocity Impact Spatter
31%
Kill (2006) Infinite Misery
31%
Butchered at Birth (1991) Innards Decay
31%
Butchered at Birth (1991) Living Dissection
31%
Violence Unimagined (2021) Overtorture
31%
Vile (1996) Perverse Suffering
31%
Vile (1996) Puncture Wound Massacre
31%
Violence Unimagined (2021) Ritual Annihilation
31%
Red Before Black (2017) Scavenger Consuming Death
31%
Torture (2012) Caged...Contorted
29%
Red Before Black (2017) Destroyed Without a Trace
29%
A Skeletal Domain (2014) Icepick Lobotomy
29%
Torture (2012) Sarcophagic Frenzy
29%
Torture (2012) The Strangulation Chair
29%
The Wretched Spawn (2004) They Deserve to Die
29%
The Wretched Spawn (2004) Bent Backwards and Broken
27%
Bloodthirst (1999) Blowtorch Slaughter
27%
Bloodthirst (1999) Dead Human Collection
27%
Chaos Horrific (2023) Fracture and Refracture
27%
Bloodthirst (1999) Hacksaw Decapitation
27%
Kill (2006) Maniacal
27%
Torture (2012) Rabid
27%
The Wretched Spawn (2004) Severed Head Stoning
27%
Butchered at Birth (1991) Under the Rotted Flesh
27%
Violence Unimagined (2021) Bound and Burned
25%
Gallery of Suicide (1998) Centuries of Torment
25%
The Wretched Spawn (2004) Cyanide Assassin
25%
Gallery of Suicide (1998) Dismembered and Molested
25%
Gallery of Suicide (1998) Disposal of the Body
25%
Torture (2012) Encased In Concrete
25%
Gore Obsessed (2002) Hung and Bled
25%
Kill (2006) Necrosadistic Warning
25%
The Wretched Spawn (2004) Nothing Left to Mutilate
25%
Chaos Horrific (2023) Pestilential Rictus
25%
Bloodthirst (1999) Pounded Into Dust
25%
Bloodthirst (1999) Raped by the Beast
25%
Red Before Black (2017) Remaimed
25%
A Skeletal Domain (2014) Sadistic Embodiment
25%
Torture (2012) Torn Through
25%
Chaos Horrific (2023) Vengeful Invasion
25%
Bloodthirst (1999) Coffinfeeder
23%
The Wretched Spawn (2004) Decency Defied
23%
Gallery of Suicide (1998) Stabbed In the Throat
23%
Bloodthirst (1999) The Spine Splitter
23%
A Skeletal Domain (2014) Asphyxiate to Resuscitate
21%
The Wretched Spawn (2004) Blunt Force Castration
21%
Gallery of Suicide (1998) Crushing the Despised
21%
Torture (2012) Demented Aggression
21%
Evisceration Plague (2009) Evidence In the Furnace
21%
The Wretched Spawn (2004) Festering In the Crypt
21%
Gore Obsessed (2002) Grotesque
21%
Gore Obsessed (2002) Hatchet to the Head
21%
Gallery of Suicide (1998) Headless
21%
The Wretched Spawn (2004) Rotted Body Landslide
21%
Kill (2006) The Discipline of Revenge
21%
Kill (2006) Barbaric Bludgeonings
19%
Evisceration Plague (2009) Beheading and Burning
19%
A Skeletal Domain (2014) Bloodstained Cement
19%
Worm Infested (2002) Confessions
19%
Gallery of Suicide (1998) Every Bone Broken
19%
A Skeletal Domain (2014) Funeral Cremation
19%
Torture (2012) Intestinal Crank
19%
Gore Obsessed (2002) Sanded Faceless
19%
Evisceration Plague (2009) Scalding Hail
19%
A Skeletal Domain (2014) Vector of Cruelty
19%
Gore Obsessed (2002) When Death Replaces Life
19%
Bloodthirst (1999) Condemned to Agony
17%
Worm Infested (2002) Demon's Night
17%
Bloodthirst (1999) Ecstasy In Decay
17%
Evisceration Plague (2009) A Cauldron of Hate
15%
Gallery of Suicide (1998) Chambers of Blood
15%
Gore Obsessed (2002) Compelled to Lacerate
15%
Torture (2012) Crucifier Avenged
15%
A Skeletal Domain (2014) Hollowed Bodies
15%
Kill (2006) Murder Worship
15%
The Wretched Spawn (2004) Psychotic Precision
15%
Gore Obsessed (2002) Savage Butchery
15%
Bloodthirst (1999) Sickening Metamorphosis
15%
A Skeletal Domain (2014) The Murderer's Pact
15%
Gallery of Suicide (1998) Blood Drenched Execution
13%
Gore Obsessed (2002) Drowning In Viscera
13%
A Skeletal Domain (2014) Headlong Into Carnage
13%
Evisceration Plague (2009) Shatter Their Bones
13%
Evisceration Plague (2009) Skewered From Ear to Eye
13%
Evisceration Plague (2009) To Decompose
13%
Gore Obsessed (2002) Dormant Bodies Bursting
12%
Gore Obsessed (2002) Mutation of the Cadaver
12%
Gallery of Suicide (1998) Unite the Dead
10%
Evisceration Plague (2009) Unnatural
10%
Evisceration Plague (2009) Carnivorous Swarm
8%
Evisceration Plague (2009) Carrion Sculpted Entity
8%
Worm Infested (2002) Systematic Elimination
6%
No matching quizzes found
Score Distribution
Percent of People with Each Score
Percentile by Number Answered
Your Score History
You have not taken this quiz